000 01204njm a2200277 i 4500
001 4905
003 ES-MaACL
005 20240619063055.0
007 s|r|||||||||||
008 070823s1980 sp ||| g ||||||||1|nspa d
100 1 _aPeraile, Meliano,
_d1922-2005
_990346
245 1 0 _aLectura y comentario de dos de sus propios cuentos
_h[Grabación sonora] /
_cintervienen Meliano Peraile y Alfonso Martínez Mena.
260 _aMadrid :
_bAteneo de Madrid,
_c1980.
300 _a2 discos (CD-DA) (1 h. 50 min. 14 seg.) ;
_c12 cm.
490 1 _aCuentistas españoles contemporáneos
500 _aDatos basados en la invitación.
518 _aActo organizado por el Aula de Literatura del Ateneo de Madrid, grabado en la sala de conferencias el martes 15 de abril de 1980, a las 20:00 h.
610 2 4 _aAteneo de Madrid-
_xActos culturales-
_y1980-
_vGrabaciones sonoras.
_91891
700 1 _aMartínez-Mena, Alfonso.
_978225
710 2 _aAteneo de Madrid.
_bAula de Literatura.
_91943
830 0 _aCuentistas españoles contemporáneos
_9177197
852 _aES-MaACL
_jROT 4/4/10
_95022
_cROT
852 _aES-MaACL
_jROT 4/4/11
_9203536
_cROT
942 _2udc
999 _c4905
_d4905